|
|
|
|
| LEADER |
01548cam a2200469 a 4500 |
| 001 |
nkc20132444651 |
| 003 |
CZ PrNK |
| 005 |
20140306112227.0 |
| 007 |
ta |
| 008 |
130219s2012 xr a e f 000 0 cze d |
| 015 |
|
|
|a cnb002444651
|
| 020 |
|
|
|a 978-80-7439-052-4
|q (brož.)
|
| 035 |
|
|
|a (OCoLC)872337025
|
| 040 |
|
|
|a KLG001
|b cze
|d OLA001
|
| 072 |
|
7 |
|a 615.8
|x Fyzioterapie. Psychoterapie. Alternativní lékařství
|2 Konspekt
|9 14
|
| 080 |
|
|
|a 633.88
|2 MRF
|
| 080 |
|
|
|a 615.89:633.88
|2 MRF
|
| 080 |
|
|
|a 635.7
|2 MRF
|
| 080 |
|
|
|a 641.55
|2 MRF
|
| 080 |
|
|
|a (035)
|2 MRF
|
| 100 |
1 |
|
|a Rystonová, Ida
|7 mzk2004252220
|4 aut
|
| 245 |
1 |
0 |
|a Byliny na jídlo a čarování /
|c Ida Rystonová
|
| 260 |
|
|
|a Praha :
|b Vodnář,
|c 2012
|
| 300 |
|
|
|a 414 s. :
|b il. ;
|c 17 cm
|
| 490 |
1 |
|
|a Lékárna na zahrádce
|
| 650 |
0 |
7 |
|a léčivé rostliny
|7 ph115198
|2 czenas
|
| 650 |
0 |
7 |
|a fytoterapie
|7 ph120421
|2 czenas
|
| 650 |
0 |
7 |
|a kořeninové rostliny
|7 ph115001
|2 czenas
|
| 650 |
0 |
7 |
|a jídla
|7 ph114847
|2 czenas
|
| 650 |
0 |
9 |
|a medicinal plants
|2 eczenas
|
| 650 |
0 |
9 |
|a phytotherapy
|2 eczenas
|
| 650 |
0 |
9 |
|a spice plants
|2 eczenas
|
| 650 |
0 |
9 |
|a meals
|2 eczenas
|
| 655 |
|
7 |
|a příručky
|7 fd133209
|2 czenas
|
| 655 |
|
9 |
|a handbooks and manuals
|2 eczenas
|
| 830 |
|
0 |
|a Lékárna na zahrádce
|0 s
|
| 910 |
2 |
|
|a BOA001
|b 1-1319.328
|
| 928 |
9 |
|
|a Vladimír Kvasnička - Nakladatelství Vodnář
|
| 990 |
|
|
|a BK
|
| 995 |
|
|
|a 01
|
| 991 |
|
|
|b 201402
|c NOV
|e n
|
| 996 |
6 |
|
|b 2610579208
|c 1-1319.328
|l MZK
|r Sklad / do 1 hodiny
|n 5
|p p.v.
|w 001393262
|u 000020
|a 1
|e BOA001
|j MZK50
|s P
|